[Event "Inland Chess Classic"]
[Site "Rathdrum, ID"]
[Date "2025.02.23"]
[Round "4"]
[White "Cambareri, Michael"]
[Black "Wannamaker, Linus"]
[Result "0-1"]
[Annotator "Linus Wannamaker"]
[WhiteElo "1905"]
[BlackElo "1826"]
[PlyCount "68"]
[GameId "2148554835193856"]
[EventDate "2025.02.22"]
[EventType "swiss"]
[EventRounds "5"]
[EventCountry "USA"]

{[%evp 0,68,25,-27,-18,-19,-4,-12,-11,-8,7,-5,4,-17,-13,-21,-28,-29,-32,-59,-34,-64,-48,-70,-68,-78,-33,-31,-39,-46,-58,-50,-22,-46,-26,-40,-28,-28,-30,-29,-33,-27,-14,-24,0,0,0,0,0,-65,-69,-60,-39,-120,-107,-96,-77,-259,-212,-392,-312,-316,-324,-397,-425,-441,-455,-441,-497,-521,-556] I've lost three times to Michael Cambareri and learned a lot each time.} 1. f4 $2 d5 2. e3 c5 3. d4 Nf6 4. Nf3 Bf5 5. Bd3 g6 {[%cal Gg7g6]} 6. Bxf5 gxf5 {This opening is horrible for White - he must be punished.} 7. Ne5 e6 8. Nd2 Nbd7 9. Ndf3 Rg8 10. Qe2 a6 11. b3 Rc8 12. Nxd7 Nxd7 13. O-O c4 {White has no play; c4 opens the c-file to rain pain on the c2 pawn, and White can't do anything about it. However, I overestimated my position and fell for the consequences of that delusion.} 14. bxc4 Rxc4 15. Bb2 Qc8 16. Rfc1 {[%cal Gd7b6,Gb6c4]} Nb6 17. Ne5 Rc7 18. a4 $6 {Perhaps 18. c3 was better. Now, a4 is a target.} Nc4 19. Nxc4 Rxc4 20. a5 Bb4 21. c3 Bxc3 $2 {Impatient. If 21... Bd6, Black can calmly increase his advantage. The problem is how to infiltrate. After Bd6, Black can target a5, c3 and the kingside in turn. The problems are that b7 is weak and the White queen can pester the kingside pawns for all eternity. I wasn't sure about this in the game, but the alternative isn't clear either.} 22. Bxc3 Rxc3 23. Qb2 Rc4 24. Rxc4 $2 {This gives Black everything he could ever ask for. 24. Rab1 Kd7 25. Qxb7+ Qxb7 26. Rxb7 was winning for White! It shows that there are chances in every position.} dxc4 25. Rb1 Kd7 $2 {25... Qc6 first kept the advantage. Now, White can play d5, and things are suddenly looking scary for Black.} 26. Qxb7+ $4 {This just loses.} Qxb7 27. Rxb7+ Kc6 28. Rb6+ Kd5 29. Rxa6 Rc8 30. Rb6 c3 31. Rb1 c2 32. Rc1 Ke4 33. Kf2 Kd3 34. Ke1 Rb8 {I owe a debt of gratitude to the TDs and my coach, Jim Maki, who taught me most everything I know.} 0-1

[Event "Inland Chess Classic"]
[Site "Rathdrum, ID"]
[Date "2025.02.22"]
[Round "5"]
[White "Patterson, Ben"]
[Black "Donaldson, John"]
[Result "0-1"]
[Annotator "John Donaldson"]
[WhiteElo "1848"]
[BlackElo "2406"]
[PlyCount "100"]
[GameId "2156391040417840"]
[EventDate "2025.02.22"]
[EventType "swiss"]
[EventRounds "5"]
[EventCountry "USA"]

{[%evp 0,100,19,38,40,46,33,28,44,35,29,31,31,4,9,8,14,-11,-1,-3,21,8,20,-21,-21,-78,-70,-58,-60,-69,-63,-76,-57,-64,-32,-48,-50,-50,-29,-58,-61,-63,-44,-91,-31,-37,-46,-30,-50,-47,-58,-62,-62,-47,-26,-28,-44,-23,-23,-45,-15,-122,-123,-286,-192,-165,0,-84,-135,-207,-201,-215,-209,-204,-207,-391,-414,-408,-411,-460,-474,-467,-474,-484,-490,-485,-493,-493,-434,-440,-442,-453,-461,-470,-470,-458,-493,-571,-608,-678,-659,-728,-740]} 1. e4 c5 2. Nc3 Nc6 (2... g6 3. f4 (3. d4) 3... Bg7 4. Nf3 Nc6 5. Bb5 {is another way to reach the game position, but does offer White the option of playing 3.d4.}) 3. f4 (3. Bb5 {is the modern way to play, keeping open the option to advance the f-pawn.}) 3... g6 4. Nf3 Bg7 5. Bb5 {This is one way to play the Grand Prix Attack,} (5. Bc4 {is the other. The variation gets its name from its successful use on the English chess circuit in the 1970s. Grandmaster Julian Hodgson and Mark Hebden enjoyed great excellent results with it back in the day.}) 5... Nd4 6. O-O (6. Bc4 {is another option when Anish Giri in his book The Sicilian Dragon points out a trap Black can set for White:} e6 7. O-O d5 8. exd5 Ne7 $1 9. dxe6 $2 Nxf3+ 10. Qxf3 Qd4+ {winning a piece.}) 6... Nxb5 ({The text enjoys an excellent theoretical reputation but does lead to some simplification. Those who want a more complicated game might prefer} 6... a6) 7. Nxb5 d5 {[#]} 8. exd5 {This White's best try.} (8. d3 a6 9. Nc3 Bxc3 10. bxc3 dxe4 11. dxe4 Qxd1 {is assessed as comfortable for Black according to Giri. The engines rate the position after} 12. Rxd1 Nf6 13. Re1 b5 {as equal.}) (8. e5 {was once the main line but has dropped out of favor after} d4 9. c3 (9. d3 Nh6 10. Bd2 a6 11. Na3 b5 12. Qe1 Nf5 {and Black already stands better.}) 9... a6 10. Na3 Nh6 11. cxd4 cxd4 12. d3 (12. Qa4+ b5 13. Qxd4 O-O {offers Black excellent compensation for the sacrificed pawn.}) 12... O-O 13. Nc2 Nf5 14. g4 Nh6 15. h3 f6 $1 16. Ncxd4 fxe5 17. Qb3+ Nf7 18. fxe5 Bxe5 19. Ne2 Bg7 20. Ng5 e6 $11 {Koerber-Hesse, 2018.}) 8... a6 9. Nc3 Nf6 10. d4 Nxd5 {[#]} 11. Nxd5 $2 (11. dxc5 {, sacrificing White's pawn structure for activity in a queenless middle game, led to some early successes for the first player, but today Black has found ways to reach a very decent position.} Nxc3 12. Qxd8+ Kxd8 13. bxc3 Bxc3 14. Rb1 Kc7 15. Rb3 Bf6 16. Bd2 a5 ({Giri also points out} 16... b5 $5 17. cxb6+ Kb7 {is also fine for Black who has solved the problem of safeguarding his king.}) 17. Rfb1 Rd8 18. Rb5 Rd5 19. Bxa5+ Kd7 {followed by ...Ke8. when Black's bishop pair and superior pawn structure provide ample value for the sacrificed pawn. The text allows Black an easy life with his two bishops. White wishes his f-pawn was back on its orginal square.}) 11... Qxd5 12. dxc5 (12. Be3 {was relatively better and should be answered with} c4 {and a clear advantage, but not as great as in the game..}) 12... Qxc5+ 13. Kh1 O-O 14. Qe2 Be6 {That Black stands better here is not in doubt but how best to proceed is. Stockfish 17 prefers to trade one advantage for another by relinquishing his bishop pair for control of the d-file:} (14... Bg4 15. h3 Bxf3 16. Rxf3 Qf5 17. c3 Rfd8 18. Be3 Rd5 {and Black will double (maybe triple) on the d-file. The Oracle (Stockfish) says Black stands clearly better. How would he proceed? One plan might be to try to trade queens (...Qd3) and to launch a minority attack with ...a5 and ...b5 hoping to eventually give White a weak pawn on the queenside that could be won without too many pieces being traded off. This would leave a 4 pawns versus three ending on the kingside. Many single piece endgames of this sort normally can be easily drawn (bishop endings) or are a theoretical draw (rook endings) but put another piece on the board and the task can be considerably more difficult. One additional factor in Black's favor here is that White's pawn is at f4 which means that a well-timed ..h6 and ...g5 followed by ...gxf4 could result in a passed e-pawn for Black or a permanent weakness for White on f4. This might all seem a bit far down the road but it's not a bad idea to know what you are aiming for. All this said Ben has not gone far wrong and Black's advantage is far from decisive. The text is a signal that Black plans to hang on to his powerful pair for the forseeable future.}) 15. Re1 {[#]} Rfd8 ({The first choice of the Oracle is} 15... Bc4 $1 {with the point that} 16. Qe3 (16. Qxe7 {can be met by} Qxe7 17. Rxe7 Rfe8 18. Rxe8+ (18. Rxb7 Rad8 19. Kg1 Bd5 {wins on the spot.}) 18... Rxe8 {leaves White struggling to get his pieces out without incurring serious disadvantages. For example:} 19. Ne5 (19. Bd2 Re2 20. Re1 Rxe1+ 21. Nxe1 Bxb2 {leads to a typical ending where the two bishops insure Black an enduring advantage.}) 19... f6 20. Nd3 Re2 {and White is completely tied up.}) 16... Qxe3 17. Rxe3 Rfd8 18. Re1 Bd5 19. c3 Bxf3 20. gxf3 Rd3 21. Be3 Rad8 {is very pleasant for Black as the pawn on f4 is a real sore spot.}) 16. Be3 Qb5 {This might be overly technical:} (16... Qh5 {and}) (16... Qa5 {are more flexible deferring the queen exchange until a better moment.}) 17. c3 (17. Qxb5 axb5 {wins material for Black.}) 17... Qxe2 18. Rxe2 Bd5 19. Nd4 ({The gane continuation looks natural but} 19. Rf2 {is possibly more accurate.}) 19... b5 20. a3 a5 21. Rd2 b4 (21... Bc4 {is met by} 22. a4) 22. axb4 axb4 23. Rxa8 Rxa8 24. cxb4 Ra1+ 25. Bg1 e6 {[#]} 26. h3 ({White understandibly wants to remove the pin with Kh2 as soon as possible. That said} 26. Nc2 {was an interesting alternative:} Rb1 27. Ne3 Bb7 28. Rd8+ Bf8 29. Ng4 Kg7 30. h3 h5 31. Ne5 Bd5 32. Kh2 Rxb2 33. Nf3 Rxb4 34. Rxf8 Bxf3 35. Bc5 Rc4 36. Rc8 Bd5 37. Bf8+ Kf6 38. Rxc4 $11 {bailing out to a draw.}) 26... Bf8 ({Here} 26... Rf1 27. Nc2 (27. Ne2 {allows Black to realize his plan:} Bf8 28. b5 Bc5 29. Kh2 Bxg1+ 30. Nxg1 Rxf4 31. Kg3 (31. Ne2 Rf2) 31... Rb4 32. Ne2 Rxb5 33. Nc3 Rb3 {and Black is winning as White's b-pawn is not a threat, the bishop is the better minor piece and the e and f4 pawns will soon be rolling.}) (27. b5 Rxf4 28. Nc2 Ra4 {transposes}) 27... Rxf4 28. b5 Bh6 (28... Ra4 29. b6 Bxb2 30. b7 Bxb7 31. Rd8+ Kg7 32. Rb8 Bxg2+ 33. Kxg2 Bf6) 29. Ne3 Ra4 30. b6 Bxe3 31. Bxe3 Rb4 32. Rc2 Kg7 33. Bc5 Rb3 34. Bd4+ Kh6 35. Kh2 Kg5 36. Rc7 f6 37. Rxh7 e5 {and White still has problems to solve.}) 27. b5 {The alternatives here still leave White with problems to solve:} (27. Nc2 Rb1 28. Ne3 Bxb4 29. Rd1 Rxd1 30. Nxd1 f6 {White should be able to draw but not without a long and careful defense.}) (27. Ne2 Bxb4 28. Nc3 Bc6 {White shoould be hang on but again Black's bishop pair and more active rook offer practical chances.}) 27... Rf1 28. Rf2 (28. Rc2 Bd6 29. Ne2 Kf8 30. b6 Ke7 31. Kh2 Kd7 32. Be3 g5 33. Ng3 (33. Kg3 f5) 33... Bxf4 34. Bxf4 Rxf4 35. Nh5 Rf1 36. Ng3 {seems to just hold for White.}) 28... Rd1 29. Rc2 Bd6 {[#]} 30. b6 $2 ({Ben, who was short of time, understandibly wants to utilize his one asset, but the timing is not righ and the game continuation should lose straightaway. Necessary was} 30. Ne2 {when} Bb7 31. Kh2 Rd5 32. b6 g5 33. Be3 gxf4 34. Bxf4 Bxf4+ 35. Nxf4 Rb5 36. g4 Rxb6 37. Kg3 Kf8 {still offers chances in a game played between silicon based life forms.}) 30... Bxf4 31. Nc6 Be4 $2 (31... Be3 $1 32. b7 Rxg1+ 33. Kh2 Rxg2+ $1 {I overlooked this move.} 34. Rxg2 Bf4+ 35. Kg1 Bxc6 $19 {wins easily for Black.}) 32. Rc4 Be3 {[#]} (32... f5 33. b7 Rd2 34. Rxe4 fxe4 35. g3 Bxg3 36. b4 Rd7 37. b8=Q+ Bxb8 38. Nxb8 Rd3 39. Kg2 Rb3 40. Nc6 {should end in a draw.}) 33. Rxe4 (33. b7 Rxg1+ 34. Kh2 Rxg2+ 35. Kh1 Rxb2+ 36. Rxe4 Rxb7 37. Rxe3 {Here the Oracle assesses this position as equal but in a game between humans all the chances lie with Black with three pawns for the knight.}) 33... Bxb6 34. g3 (34. Nd4 f5 {is Black's point. The rest is is easy.}) 34... Rxg1+ 35. Kh2 Rc1 36. Nb4 Bc5 37. h4 $2 {This drops a piece but White cannot hang on to his b-pawn. For example:} ({If} 37. Nd3 {then} Rc2+ 38. Kh1 Bb6 39. g4 Rd2 {does the job.}) 37... f5 38. Rxe6 Bxb4 39. Rb6 Rc2+ 40. Kh3 Rxb2 41. Rb7 Ba3 42. Rd7 Rb3 43. Kg2 Re3 44. Kf2 Re7 45. Rd5 Kf7 46. Kf3 Ke6 47. Ra5 Bd6 48. Rb5 Ra7 49. Kg2 Ra2+ 50. Kh1 Bxg3 0-1

[Event "WA President's Cup"]
[Site "Issaquah, WA"]
[Date "2025.01.25"]
[Round "1"]
[White "Cheng, Selina"]
[Black "Degenbaev, Aziz"]
[Result "0-1"]
[Annotator "Ralph Dubisch"]
[WhiteElo "1764"]
[BlackElo "2380"]
[PlyCount "106"]
[GameId "2157154330060289"]
[EventDate "2025.??.??"]
[EventCountry "USA"]

{[%evp 0,106,19,38,40,41,51,18,18,44,34,49,52,20,44,20,28,-17,-19,-38,-23,-51,-47,-60,-58,-89,-100,-107,-79,-89,-67,-92,-74,-72,-50,-83,-23,-77,-76,-97,-80,-86,-99,-95,-113,-114,-94,-99,-109,-66,-86,-89,-64,-81,-87,-84,-83,-87,-91,-96,-22,-32,-16,-34,-16,-53,-45,-59,-81,-83,-112,-157,-71,-52,19,14,41,0,27,11,-9,-19,10,-7,0,-160,0,0,0,-426,-495,-496,-533,-884,-533,-961,-370,-353,-381,-650,-687,-691,-702,-914,-972,-969,-358,-359,-374]} 1. e4 c5 2. Nf3 Nc6 3. d4 cxd4 4. Nxd4 Nf6 5. Nc3 d6 6. Be3 ({Somewhat unusual. The three main moves here are} 6. Bg5 e6 7. Qd2) (6. Bc4 e6 7. Be3) ({and} 6. Be2 e5 7. Nf3 {, leading to different, well-known, theoretical play.}) 6... Ng4 ({Or} 6... e5 {.}) 7. Qd2 (7. Bb5 Nxe3 8. fxe3 (8. Nxc6 Nxd1 9. Nxd8+ Kxd8 10. Rxd1 {leaves Black with the bishop-pair, a solid position, and few weaknesses.}) 8... Bd7 9. O-O e6 10. Bxc6 bxc6 11. e5 $13) (7. Bg5 $5 h6 (7... Qb6 8. Bb5 Bd7 9. O-O Qxd4 (9... Nxf2 10. Rxf2 Qxd4 11. Qh5 g6 12. Qf3 {With Rd1 coming, White has compensation for the pawn.}) (9... Nxd4 10. Bxd7+ Kxd7 11. Qxg4+ e6 12. Be3 $16) 10. Bxc6 Qxd1 11. Bxd7+ Kxd7 12. Raxd1 {looks a tiny bit better for White.}) 8. Bh4 g5 9. Bg3 Bg7 10. Nb3 $13) 7... Nxe3 8. fxe3 $2 ({Too subtle for my taste. Why not the natural recapture} 8. Qxe3 {, and after} Bd7 (8... Qb6 9. O-O-O) 9. O-O-O g6 10. Kb1 Bg7 11. Nb3 {, it's a game.}) 8... g6 9. Bc4 Ne5 10. Bb3 Bg7 11. O-O O-O 12. Nd5 e6 13. Nf4 a6 14. Rad1 Qc7 15. Qe2 Bd7 16. c3 b5 17. Nf3 Nxf3+ 18. Rxf3 (18. gxf3 $5) 18... Bc6 $17 19. Bc2 Rad8 20. Rff1 Qb7 21. Qd3 b4 22. Rb1 Rfe8 (22... bxc3 23. bxc3 Qa7 $17) 23. Rf2 d5 24. exd5 exd5 25. Bb3 Bb5 26. Qd2 Bc4 27. Ne2 (27. Rd1 Bxb3 28. axb3 bxc3 29. bxc3 Qxb3 30. Nxd5 Bxc3 31. Qd3 a5 32. e4 Qa4 $15) 27... Bh6 28. Rf3 $2 (28. Nf4 bxc3 29. bxc3 a5 30. Qd1 Qc7 31. Bxc4 dxc4 $17) 28... Qe7 ({Black misses a hidden tactical opportunity.} 28... Bxb3 29. axb3 d4 $1 30. Nxd4 Qxf3 $3 31. gxf3 Bxe3+ {and wins.}) 29. Nf4 Bxb3 30. axb3 Qe4 (30... Qb7) 31. Rbf1 (31. Rd1 $13) 31... a5 32. h3 f5 33. Kh2 (33. Ra1 Bxf4 34. Rxf4 Qxe3+ 35. Qxe3 Rxe3 36. Rxa5 $13) 33... Bf8 34. Kh1 Bc5 35. Re1 $2 (35. Qe2 Bxe3 $15) 35... bxc3 $6 ({There's no reason to straighten out the black pawns first. Better to work the pinned e-pawn directly with} 35... d4 $1 36. cxd4 Bxd4 $17) 36. bxc3 d4 $6 (36... Bb6) 37. Qa2 $1 Bf8 38. cxd4 Bb4 39. Re2 Rc8 40. Qa4 Red8 41. Kh2 (41. Rf1) 41... Rc1 42. d5 $2 (42. Qb5 Bd6 $15) 42... Qb1 $2 (42... g5) 43. Ne6 Bd6+ 44. Nf4 $2 ({Losing. Instead, White has the surprising exchange sacrifice} 44. Rf4 $1 Rh1+ (44... Bxf4+ 45. exf4 ({Also} 45. Qxf4 $5 {, according to Stockfish.}) 45... Rh1+ 46. Kg3 Qd3+ 47. Kf2 Qd1 $1 48. Nxd8 (48. Qc4 Rb8 $1 49. b4 $1 (49. Qc7 $4 Qg1+ 50. Kg3 Rxh3+ $1 51. Kxh3 Qh1+ 52. Kg3 Rxb3+ 53. Kf2 Qh4+ $19) 49... Qc1 $1 (49... axb4 50. Qc7 $18) 50. Qxc1 Rxc1 51. bxa5) 48... Rf1+ 49. Ke3 Qc1+ 50. Rd2 Qe1+ 51. Kd3 Qb1+ 52. Rc2 Qd1+ 53. Kc3 Qe1+ 54. Kb2 Qb1+ 55. Kc3 Qe1+) 45. Kg3 Qd3 46. Nxd8 Qxe2 47. Qe8+ Kg7 48. Qd7+ Kh6 49. Qxd6 (49. Nf7+ Kh5 50. Qxd6) 49... Qxe3+ (49... Qe1+ 50. Rf2 Qxe3+ 51. Rf3 Qg5+) 50. Rf3 (50. Kh4 $4 Qe1+ 51. g3 Rxh3+ 52. Kxh3 Qh1#) 50... Qg5+ 51. Kf2 Qd2+ {with a draw by repetition.}) 44... g5 45. Qxa5 Re8 46. Qb5 Rh1+ 47. Kg3 Qe4 48. Kf2 gxf4 49. exf4 Bc5+ 50. Kg3 Qxe2 51. Qxc5 Qe1+ 52. Qf2 Qxf2+ 53. Kxf2 Rd1 0-1